000
00289nam a22001337a 4500
008
170927b xxu||||| |||| 00| 0 eng d
020
_a
9780321045911
041
_a
eng
080
_2
6th
_a
37
100
_a
46
101
_a
EDU
245
_a
BRIDGING THE GAP
_c
SMITH,B.D
942
_2
udc
_c
BK
999
_c
30104
_d
30104